MARC details
| 000 -LEADER |
| campo de control de longitud fija |
03142ntaaa2200517 4500 |
| 003 - IDENTIFICADOR DE NÚMERO DE CONTROL |
| campo de control |
01 |
| 005 - FECHA Y HORA DE LA ÚLTIMA TRANSACCIÓN |
| campo de control |
20251027203240.0 |
| 008 - DATOS DE LONGITUD FIJA--INFORMACIÓN GENERAL |
| campo de control de longitud fija |
0714s1973 ag 01 |
| 020 ## - NÚMERO INTERNACIONAL ESTÁNDAR DEL LIBRO |
| Número Internacional Estándar del Libro |
9789871382149 |
| 040 ## - FUENTE DE CATALOGACIÓN |
| Centro catalogador/agencia de origen |
AR-BaBN |
| Lengua de catalogación |
spa |
| Centro/agencia transcriptor |
AR-BaBN |
| Normas de descripción |
aacr |
| Centro/agencia modificador |
RIC |
| 082 ## - NÚMERO DE LA CLASIFICACIÓN DECIMAL DEWEY |
| Número de clasificación |
296.387 2 As76 |
| 082 ## - NÚMERO DE LA CLASIFICACIÓN DECIMAL DEWEY |
| Número de clasificación |
296.387 2 As76 (II) |
| 100 ## - ENTRADA PRINCIPAL--NOMBRE DE PERSONA |
| Nombre de persona |
Assis, Yom Tov |
| 9 (RLIN) |
34843 |
| 245 ## - MENCIÓN DEL TÍTULO |
| Título |
Encuentros culturales de judíos, paganos, cristianos y musulmanes / |
| Mención de responsabilidad, etc. |
Yom Tov Assis, Florinda Goldberg, y Raquel Sperber, y Orna Stolia |
| 250 ## - MENCION DE EDICION |
| Mención de edición |
1ª ed. |
| 260 ## - PUBLICACIÓN, DISTRIBUCIÓN, ETC. |
| Lugar de publicación, distribución, etc. |
Buenos Aires : |
| Nombre del editor, distribuidor, etc. |
Lilmod, |
| Fecha de publicación, distribución, etc. |
2009 |
| 300 ## - DESCRIPCIÓN FÍSICA |
| Extensión |
368 p. ; |
| Dimensiones |
22x15 cm. |
| 490 ## - MENCIÓN DE SERIE |
| Mención de serie |
Biblioteca Universitaria de la Cultura Judía ; |
| Designación de volumen o secuencia |
3,4 |
| 505 ## - NOTA DE CONTENIDO CON FORMATO |
| Título |
Encuentros culturales de judíos y no judíos en la historia. Introducción / |
| Mención de responsabilidad |
Assis, Yom Tov |
| 505 ## - NOTA DE CONTENIDO CON FORMATO |
| Título |
Textos hebreos y arameos del período helenístico / |
| Mención de responsabilidad |
Delcor, Mathias |
| 505 ## - NOTA DE CONTENIDO CON FORMATO |
| Título |
La literatura judeo-griega del período helenístico / |
| Mención de responsabilidad |
Walter, NIkolaus |
| 505 ## - NOTA DE CONTENIDO CON FORMATO |
| Título |
Culto y cultura. Los límites de la helenización en Judea / |
| Mención de responsabilidad |
Collins, John J. |
| 505 ## - NOTA DE CONTENIDO CON FORMATO |
| Título |
A la búsqueda del historicismo. La retórica de las peticiones / |
| Mención de responsabilidad |
Kovelman, Arkady |
| 505 ## - NOTA DE CONTENIDO CON FORMATO |
| Título |
Judaísmo helenístico / |
| Mención de responsabilidad |
Gruen, Erich |
| 505 ## - NOTA DE CONTENIDO CON FORMATO |
| Título |
El trasfondo judío del cristianismo / |
| Mención de responsabilidad |
Schwartz, Daniel |
| 505 ## - NOTA DE CONTENIDO CON FORMATO |
| Título |
La cultura rabínica en Babilonia / |
| Mención de responsabilidad |
Gafni, Isaish |
| 505 ## - NOTA DE CONTENIDO CON FORMATO |
| Título |
Un imperio cristiano. La cultura judía en el mundo bizantino / |
| Mención de responsabilidad |
Irshai, Oded |
| 505 ## - NOTA DE CONTENIDO CON FORMATO |
| Título |
Encuentros culturales de judíos y no judíos en la Edad Media. Introducción / |
| Mención de responsabilidad |
Assis, Yom Tov |
| 505 ## - NOTA DE CONTENIDO CON FORMATO |
| Título |
Mercaderes e intelectuales, rabinos y poetas. La cultura judeo-árabe en la Edad de Oro del islam / |
| Mención de responsabilidad |
Scheindlin, Raymond P. |
| 505 ## - NOTA DE CONTENIDO CON FORMATO |
| Título |
Algunas reflexiones acerca del carácter de la poesía hebrea en Sefarad / |
| Mención de responsabilidad |
Fleischer, Ezra |
| 505 ## - NOTA DE CONTENIDO CON FORMATO |
| Título |
El contexto oculto a la vista. Los productos literarios del encuentro tricultural en la Edad Media / |
| Mención de responsabilidad |
Drory, Rina |
| 505 ## - NOTA DE CONTENIDO CON FORMATO |
| Título |
"El exilio de Sefarad en Provenza". La revolución cultural y religiosa del judaísmo provenzal en los siglos XII y XIII / |
| Mención de responsabilidad |
Assis, Yom Tov |
| 505 ## - NOTA DE CONTENIDO CON FORMATO |
| Título |
Los científicos judíos de la corte de Alfonso X. Ishaq ben Sayyid y Yehuda den Mossé (activos entre 1250 y 1279) / |
| Mención de responsabilidad |
Romano, David |
| 505 ## - NOTA DE CONTENIDO CON FORMATO |
| Título |
La tradición judeo-árabe en la España cristiana / |
| Mención de responsabilidad |
Assis, Yom Tov |
| 505 ## - NOTA DE CONTENIDO CON FORMATO |
| Título |
Judíos y mozárabes en Toledo castellana (1085-1315). Vidas paralelas, vidas conjuntas, destinos divergentes / |
| Mención de responsabilidad |
Olstein, Diego |
| 505 ## - NOTA DE CONTENIDO CON FORMATO |
| Título |
Hacia una valoración global de la presencia judía en España / |
| Mención de responsabilidad |
Sáenz-Badillos, Angel |
| 505 ## - NOTA DE CONTENIDO CON FORMATO |
| Título |
Yosef Caspi. Entre Provenza y Sefarad / |
| Mención de responsabilidad |
Aslanov, Cyril |
| 505 ## - NOTA DE CONTENIDO CON FORMATO |
| Título |
Una simbiosis judeo-cristiana. La cultura temprana de Ashquenaz / |
| Mención de responsabilidad |
Marcus, Ivan G. |
| 505 ## - NOTA DE CONTENIDO CON FORMATO |
| Título |
El makam turco en la cultura musical de los judíos otomanos. Fuentes y ejemplos / |
| Mención de responsabilidad |
Seroussi, Edwin |
| 650 ## - PUNTO DE ACCESO ADICIONAL DE MATERIA--TÉRMINO DE MATERIA |
| Término de materia o nombre geográfico como elemento de entrada |
VOL I. El Primer milenio: Alejandría, Jerusalem, Babilonia |
| 9 (RLIN) |
34844 |
| 650 ## - PUNTO DE ACCESO ADICIONAL DE MATERIA--TÉRMINO DE MATERIA |
| Término de materia o nombre geográfico como elemento de entrada |
VOL II. De la Antigüedad hasta la baja Edad Media |
| 9 (RLIN) |
34845 |
| 700 ## - ENTRADA AGREGADA--NOMBRE PERSONAL |
| Nombre de persona |
Goldberg, Florinda |
| 9 (RLIN) |
34846 |
| 700 ## - ENTRADA AGREGADA--NOMBRE PERSONAL |
| Nombre de persona |
Sperber, Raquel |
| 9 (RLIN) |
34847 |
| 700 ## - ENTRADA AGREGADA--NOMBRE PERSONAL |
| Nombre de persona |
Stolia, Orna |
| Término indicativo de función/relación |
traductor |
| 9 (RLIN) |
34848 |
| 942 ## - ELEMENTOS DE ENTRADA SECUNDARIOS (KOHA) |
| Tipo de ítem Koha |
Colección General |